000 01005nam a22003737a 4500
003 OSt
008 150518b xxu||||| |||| 00| 0 eng d
100 1 _aHoexter, Werner
041 _aeng
245 1 0 _aThe stamps of Palestine ; specialized catalogue /
260 _aHaifa, Israel
_bW. Hoexter,
300 _a0 pages
650 0 _aPalestine (1918-1948)
650 0 _aGreat Britain -- Occupation of Palestine
650 0 _aOccupation Issues
650 0 _aEgyptian Expeditionary Force
650 0 _aE.E.F.
650 0 _aOverprints and Surcharges
650 0 _aErrors and Varieties
650 0 _aPrinting
650 0 _aPerforation
650 0 _aProduction
650 0 _aSheets and Panes
650 0 _aPlates and Plating
650 0 _aStamps
650 0 _aHistories
650 0 _aDefinitive Issues
650 0 _a-- 1927-1946
650 0 _aPostage Dues
650 0 _aPostal Stationery
650 0 _aCatalogs and Price Lists
650 0 _aCollecting
650 0 _aIdentification
999 _c1501
_d1501